LEADER 01080nam0-2200361---450- 001 990008472210403321 005 20070221180451.0 010 $a88-7078-982-9 035 $a000847221 035 $aFED01000847221 035 $a(Aleph)000847221FED01 035 $a000847221 100 $a20070221d2005----km-y0itay50------ba 101 0 $aita 102 $aIT 105 $a--------001cy 200 1 $aFare formazione$ei fondamenti della formazione e i nuovi traguardi$fGian Piero Quaglino 205 $a1. ed 210 $aMilano$cRaffaello Cortina$d2005 215 $axiii, 246 p.$cfig.$d23 cm 225 1 $aIndividuo gruppo organizzazione$iFormazione 320 $aContiene riferimenti bibl. (pp. 229-246) 610 0 $aEducazione degli adulti 610 0 $aFormazione professionale 676 $a374.013$v21$zita 700 1$aQuaglino,$bGian Piero$f<1949- >$0115557 801 0$aIT$bUNINA$gRICA$2UNIMARC 901 $aBK 912 $a990008472210403321 952 $a374.013 QUA 1$b3439$fBFS 959 $aBFS 996 $aFare formazione$9629976 997 $aUNINA LEADER 02506nam2-2200397---450- 001 990005958810203316 005 20151008113833.0 010 $a978-92-9241-389-7 035 $a000595881 035 $aUSA01000595881 035 $a(ALEPH)000595881USA01 035 $a000595881 100 $a20140730d2013----km-y0itaa50------ba 101 0 $aita 102 $aLU 105 $a||||||||001yy 200 1 $aPolitica agricola comune: il sostegno specifico previsto in base all?articolo 68 del regolamento (CE) n. 73/2009 del Consiglio č ben concepito e attuato in modo soddisfacente?$fCorte dei conti europea 210 $aLussemburgo$cUfficio delle pubblicazioni dell'Unione europea$d2013 215 $a54 p.$cill.$d30 cm 225 2 $aRelazione speciale$v10/2013 330 $aIn deroga ai principi generali del disaccoppiamento e della semplificazione del regime di pagamento per gli agricoltori, l?articolo 68 consente agli Stati membri di mantenere parte dei rispettivi massimali nazionali per fornire, in determinati casi chiaramente definiti, un sostegno specifico a talune attivitā, in particolare attraverso pagamenti accoppiati diretti. Nella presente relazione, la Corte rileva che la Commissione ha scarso controllo sulla giustificazione di tali casi e che gli Stati membri dispongono di un ampio margine di discrezione. Non sussistono elementi probatori sufficienti per dimostrare che le misure introdotte ai sensi dell?articolo 68 siano necessarie o pertinenti, in termini di effetti vo bisogno delle stesse, efficacia della loro concezione e livelli di aiuto reso disponibile. La Corte ha inoltre evidenziato debolezze nei sistemi amministrativi e di controllo, talvolta anche in presenza di carichi di gestione e di controllo giā pesanti. [Ed.] 410 0$1001000351941$aRelazione speciale 606 0 $aAgricoltura$xFinanziamenti comunitari$2BNCF 676 $a338.181094 699 $a07.02$bRiforma agraria 710 02$aCorte dei conti europea$0541549 801 0$aIT$bsalbc$gISBD 856 4 $uhttp://bookshop.europa.eu/uri?target=EUB:NOTICE:QJAB13010:IT:HTML$4.$zAccesso libero online 912 $a990005958810203316 951 $aCDE 07.02 (III)$bCDE 3036$cCDE 07.02$d00140825 959 $aBK 969 $aCDE 979 $aMARIAS$b90$c20140730$lUSA01$h1013 979 $aMARIAS$b90$c20151008$lUSA01$h1138 996 $aPolitica agricola comune: il sostegno specifico previsto in base all?articolo 68 del regolamento (CE) n. 73$91071125 997 $aUNISA